000 01049nam a2200301Ia 4500
001 A9215
003 IT-RoPAU
008 130308s9999 xx 000 0 und d
040 _aIT-RoPAU
040 _cIT-RoPAU
041 _aITALIANO
100 _aMagrì Massimo
100 _gCodice Aut. SPICS: 4339
245 _aCinema e l'amore (Il): i Temi
245 _bStoria del Cinema (La)-1
250 _a1a ed.
260 _aMILANO
260 _bVallardi
260 _c1966 [1° Ed.:1966 - Ed.Ling.Originale:1966]
300 _a"14 p. (prefazione: no ; testo: 14 [pagine: 197-210])"
500 _aResi Sicuri Dalla Padronanza del Mezzo, gli Autori del Film Raccontano, nelle Storie D'Amore, L'Insicurezza che Caratterizza I Nostri Giorni, la Disperata Ricerca di una Problematica Stabilità Individuale. forse raccontano la Difficoltà di Amare. infanzia e Maturità dell'amore Cinematografico.
650 _aSTORIA DEL CINEMA
650 _eCodice materia Spics: 6808
942 _cBK
957 _71
999 _c53462
_d53462
999 _bSI
999 _g1